[Event "Team women final 2016"]
[Site "Sochi"]
[Date "2016.05.08"]
[Round "7.16"]
[White "Vasilevich, Irina"]
[Black "Nasybullina, Alfia"]
[Result "1/2-1/2"]
[LiveChessVersion "1.4.4"]
[BlackElo "2151"]
[WhiteElo "2286"]
[BlackTeam "Bukavushki"]
[WhiteTeam "Boavishta"]

1. e4 {[%clk 1:30:56]} e6 {[%clk 1:30:46]} 2. d4 {[%clk 1:31:20]} d5
{[%clk 1:31:10]} 3. Nc3 {[%clk 1:31:46]} Bb4 {[%clk 1:31:29]} 4. a3
{[%clk 1:32:13]} Bxc3+ {[%clk 1:31:34]} 5. bxc3 {[%clk 1:32:37]} dxe4
{[%clk 1:29:29]} 6. Qg4 {[%clk 1:32:58]} Nf6 {[%clk 1:29:01]} 7. Qxg7
{[%clk 1:33:20]} Rg8 {[%clk 1:29:25]} 8. Qh6 {[%clk 1:33:46]} c5 {[%clk 1:29:22]}
9. Ne2 {[%clk 1:33:15]} Nc6 {[%clk 1:24:10]} 10. dxc5 {[%clk 1:26:39]} Rg6
{[%clk 1:18:14]} 11. Qd2 {[%clk 1:22:57]} Qa5 {[%clk 1:15:59]} 12. Nd4
{[%clk 1:10:38]} Bd7 {[%clk 0:59:00]} 13. Nb5 {[%clk 1:06:41]} Kf8
{[%clk 0:55:21]} 14. h4 {[%clk 1:00:18]} a6 {[%clk 0:47:18]} 15. h5
{[%clk 0:57:23]} Rg7 {[%clk 0:46:41]} 16. Nd6 {[%clk 0:45:00]} e3
{[%clk 0:40:51]} 17. fxe3 {[%clk 0:38:30]} Qxc5 {[%clk 0:39:08]} 18. Rh3
{[%clk 0:29:02]} Be8 {[%clk 0:19:22]} 19. a4 {[%clk 0:25:41]} Kg8
{[%clk 0:16:30]} 20. Ba3 {[%clk 0:22:02]} Qa5 {[%clk 0:13:56]} 21. Nxb7
{[%clk 0:19:56]} Qxa4 {[%clk 0:12:13]} 22. Qd6 {[%clk 0:14:30]} Kh8
{[%clk 0:09:55]} 23. Qf4 {[%clk 0:06:07]} Qxf4 {[%clk 0:09:31]} 24. exf4
{[%clk 0:06:36]} Nd5 {[%clk 0:08:24]} 25. Bd6 {[%clk 0:06:07]} a5
{[%clk 0:06:36]} 26. Kf2 {[%clk 0:04:59]} f6 {[%clk 0:06:28]} 27. Nc5
{[%clk 0:02:03]} Rd8 {[%clk 0:06:23]} 28. Bf8 {[%clk 0:02:15]} Rg8
{[%clk 0:03:57]} 29. Nxe6 {[%clk 0:01:15]} Rxf8 {[%clk 0:03:52]} 30. Nxd8
{[%clk 0:00:52]} Nxd8 {[%clk 0:04:12]} 31. Rd3 {[%clk 0:00:51]} Bc6
{[%clk 0:03:24]} 32. Rad1 {[%clk 0:00:50]} Ne6 {[%clk 0:02:13]} 33. Rxd5
{[%clk 0:01:05]} Bxd5 {[%clk 0:02:38]} 34. Rxd5 {[%clk 0:01:32]} Ra8
{[%clk 0:01:59]} 35. Ke3 {[%clk 0:00:54]} a4 {[%clk 0:02:04]} 36. Bc4
{[%clk 0:01:00]} a3 {[%clk 0:02:23]} 37. h6 {[%clk 0:00:48]} a2 {[%clk 0:01:01]}
38. Bxa2 {[%clk 0:01:13]} Rxa2 {[%clk 0:01:26]} 39. Rd6 {[%clk 0:01:05]} Nf8
{[%clk 0:01:49]} 40. Kd3 {[%clk 0:30:43]} Kg8 {[%clk 0:31:55]} 41. Rxf6
{[%clk 0:30:56]} Nd7 {[%clk 0:29:29]} 42. Rc6 {[%clk 0:27:34]} Ra1
{[%clk 0:25:54]} 43. g4 {[%clk 0:26:32]} Rf1 {[%clk 0:25:32]} 44. Ke4
{[%clk 0:25:55]} Rf2 {[%clk 0:23:45]} 45. g5 {[%clk 0:16:55]} Nf8
{[%clk 0:20:24]} 46. Rc8 {[%clk 0:14:16]} Rxc2 {[%clk 0:17:11]} 47. Ke5
{[%clk 0:11:33]} Kf7 {[%clk 0:10:51]} 48. Rc7+ {[%clk 0:11:39]} Kg8
{[%clk 0:09:37]} 49. Kf6 {[%clk 0:06:59]} Rd2 {[%clk 0:08:23]} 50. c4
{[%clk 0:04:00]} Rd6+ {[%clk 0:07:05]} 51. Ke5 {[%clk 0:04:17]} Re6+
{[%clk 0:07:18]} 52. Kf5 {[%clk 0:04:37]} Re1 {[%clk 0:07:05]} 53. Rg7+
{[%clk 0:02:47]} Kh8 {[%clk 0:07:28]} 54. c5 {[%clk 0:02:23]} Ng6
{[%clk 0:03:31]} 55. Ra7 {[%clk 0:01:28]} Re8 {[%clk 0:02:36]} 56. Kg4
{[%clk 0:00:39]} Rc8 {[%clk 0:01:17]} 57. c6 {[%clk 0:00:51]} Nf8
{[%clk 0:00:41]} 58. Rf7 {[%clk 0:01:01]} Kg8 {[%clk 0:01:00]} 59. Rg7+
{[%clk 0:01:15]} Kh8 {[%clk 0:01:22]} 60. Rf7 {[%clk 0:01:23]} Kg8
{[%clk 0:01:45]} 61. Rf6 {[%clk 0:01:49]} Ng6 {[%clk 0:01:09]} 62. Re6
{[%clk 0:01:32]} Kf7 {[%clk 0:00:38]} 63. Rf6+ {[%clk 0:01:54]} Kg8
{[%clk 0:00:50]} 64. Re6 {[%clk 0:01:08]} Nf8 {[%clk 0:00:59]} 65. Rd6
{[%clk 0:01:31]} Ng6 {[%clk 0:01:20]} 66. f5 {[%clk 0:00:42]} Rxc6
{[%clk 0:00:38]} 67. Rd8+ {[%clk 0:00:39]} Nf8 {[%clk 0:01:00]} 68. Ra8
{[%clk 0:00:34]} Rc1 {[%clk 0:00:35]} 69. Ra7 {[%clk 0:00:43]} Rg1+
{[%clk 0:00:41]} 70. Kf4 {[%clk 0:01:11]} Rg2 {[%clk 0:00:49]} 71. Rg7+
{[%clk 0:01:26]} Kh8 {[%clk 0:01:14]} 72. Ke5 {[%clk 0:01:47]} Ra2
{[%clk 0:01:22]} 73. Rc7 {[%clk 0:00:58]} Ra6 {[%clk 0:01:00]} 74. Rg7
{[%clk 0:00:51]} Ra5+ {[%clk 0:01:11]} 75. Kf6 {[%clk 0:01:07]} Ra6+
{[%clk 0:01:15]} 76. Kf7 {[%clk 0:01:23]} Ra7+ {[%clk 0:01:39]} 77. Kxf8
{[%clk 0:01:31]} Rf7+ {[%clk 0:01:17]} 78. Ke8 {[%clk 0:01:56]} Rf8+
{[%clk 0:00:54]} 79. Ke7 {[%clk 0:02:21]} Re8+ {[%clk 0:01:17]} 80. Kd6
{[%clk 0:02:18]} Re6+ {[%clk 0:01:30]} 81. Kd7 {[%clk 0:02:36]} Rd6+
{[%clk 0:01:50]} 82. Kc8 {[%clk 0:01:18]} Rd8+ {[%clk 0:02:12]} 83. Kc7
{[%clk 0:01:44]} Rc8+ {[%clk 0:02:34]} 84. Kd6 {[%clk 0:02:05]} Rc6+
{[%clk 0:02:55]} 85. Kd7 {[%clk 0:01:03]} Rd6+ {[%clk 0:03:06]} 86. Ke7
{[%clk 0:01:28]} Re6+ {[%clk 0:03:21]} 87. Kd8 {[%clk 0:01:27]} Re8+
{[%clk 0:03:42]} 88. Kd7 {[%clk 0:01:53]} Rd8+ {[%clk 0:04:04]} 89. Ke6
{[%clk 0:02:14]} Rd6+ {[%clk 0:04:28]} 1/2-1/2

[Event "Team women final 2016"]
[Site "Sochi"]
[Date "2016.05.09"]
[Round "8.1"]
[White "Galliamova, Alisa"]
[Black "Maslova, Polina"]
[Result "1/2-1/2"]
[LiveChessVersion "1.4.4"]
[BlackElo "2095"]
[WhiteElo "2475"]
[BlackTeam "Bukavushki"]
[WhiteTeam "Ladya"]

1. e4 {[%clk 1:30:54]} c5 {[%clk 1:30:55]} 2. Nc3 {[%clk 1:30:55]} Nc6
{[%clk 1:30:39]} 3. g3 {[%clk 1:31:09]} d6 {[%clk 1:28:49]} 4. Bg2
{[%clk 1:31:26]} g6 {[%clk 1:29:13]} 5. d3 {[%clk 1:29:13]} Bg7 {[%clk 1:29:34]}
6. Nge2 {[%clk 1:28:21]} Nf6 {[%clk 1:19:53]} 7. O-O {[%clk 1:27:48]} O-O
{[%clk 1:20:18]} 8. Rb1 {[%clk 1:27:01]} Rb8 {[%clk 1:06:04]} 9. a3
{[%clk 1:19:55]} b6 {[%clk 1:01:09]} 10. f4 {[%clk 1:14:05]} Bb7 {[%clk 0:53:01]}
11. h3 {[%clk 1:11:41]} Nd4 {[%clk 0:46:17]} 12. g4 {[%clk 1:08:47]} Nd7
{[%clk 0:30:31]} 13. f5 {[%clk 1:02:08]} b5 {[%clk 0:30:28]} 14. Be3
{[%clk 0:53:47]} Ba8 {[%clk 0:27:20]} 15. Qd2 {[%clk 0:51:23]} a5
{[%clk 0:24:49]} 16. Bh6 {[%clk 0:45:41]} b4 {[%clk 0:23:11]} 17. Bxg7
{[%clk 0:35:43]} Kxg7 {[%clk 0:20:30]} 18. axb4 {[%clk 0:34:31]} axb4
{[%clk 0:19:49]} 19. Nd1 {[%clk 0:34:38]} Nxe2+ {[%clk 0:19:21]} 20. Qxe2
{[%clk 0:33:16]} Qc7 {[%clk 0:18:19]} 21. Ne3 {[%clk 0:32:02]} f6
{[%clk 0:12:13]} 22. fxg6 {[%clk 0:27:43]} hxg6 {[%clk 0:12:39]} 23. g5
{[%clk 0:26:51]} Ne5 {[%clk 0:11:43]} 24. gxf6+ {[%clk 0:23:35]} Rxf6
{[%clk 0:11:32]} 25. c3 {[%clk 0:23:36]} bxc3 {[%clk 0:10:32]} 26. bxc3
{[%clk 0:23:59]} Rbf8 {[%clk 0:10:14]} 27. Rxf6 {[%clk 0:20:00]} exf6
{[%clk 0:10:42]} 28. d4 {[%clk 0:19:49]} cxd4 {[%clk 0:11:00]} 29. cxd4
{[%clk 0:20:15]} Nf7 {[%clk 0:11:14]} 30. Qg4 {[%clk 0:10:37]} Qc3
{[%clk 0:09:41]} 31. Nf5+ {[%clk 0:07:52]} Kh7 {[%clk 0:10:02]} 32. Qh4+
{[%clk 0:03:11]} Kg8 {[%clk 0:10:27]} 33. Qg3 {[%clk 0:02:08]} Qxg3
{[%clk 0:10:23]} 34. Nxg3 {[%clk 0:02:35]} Bc6 {[%clk 0:07:28]} 35. Rb6
{[%clk 0:02:37]} Rc8 {[%clk 0:05:17]} 36. Ne2 {[%clk 0:01:59]} f5
{[%clk 0:02:58]} 37. exf5 {[%clk 0:01:56]} Bxg2 {[%clk 0:03:24]} 38. Kxg2
{[%clk 0:02:02]} gxf5 {[%clk 0:03:51]} 39. Ng3 {[%clk 0:00:46]} Rc2+
{[%clk 0:00:58]} 40. Kf3 {[%clk 0:30:56]} Ng5+ {[%clk 0:30:55]} 41. Kf4
{[%clk 0:29:32]} Ne6+ {[%clk 0:20:46]} 42. Kxf5 {[%clk 0:29:25]} Nxd4+
{[%clk 0:21:12]} 43. Kg6 {[%clk 0:28:44]} Kf8 {[%clk 0:21:01]} 44. Ne4
{[%clk 0:20:32]} d5 {[%clk 0:18:17]} 45. Nf6 {[%clk 0:07:34]} Rg2+
{[%clk 0:16:58]} 46. Kh5 {[%clk 0:06:28]} Nf5 {[%clk 0:15:05]} 47. Nxd5
{[%clk 0:03:44]} Ng7+ {[%clk 0:15:29]} 1/2-1/2

[Event "Team women final 2016"]
[Site "Sochi"]
[Date "2016.05.09"]
[Round "8.2"]
[White "Trapeznikova, Darya"]
[Black "Ambartsumova, Karina"]
[Result "1/2-1/2"]
[LiveChessVersion "1.4.4"]
[BlackElo "2307"]
[WhiteElo "2085"]
[BlackTeam "Ladya"]
[WhiteTeam "Bukavushki"]

1. d4 {[%clk 1:30:57]} d6 {[%clk 1:30:23]} 2. Nf3 {[%clk 1:31:17]} g6
{[%clk 1:30:37]} 3. c4 {[%clk 1:31:30]} Bg7 {[%clk 1:30:50]} 4. e4
{[%clk 1:30:43]} e5 {[%clk 1:28:56]} 5. d5 {[%clk 1:30:26]} Nf6 {[%clk 1:26:53]}
6. Nc3 {[%clk 1:30:44]} Nbd7 {[%clk 1:24:52]} 7. Be2 {[%clk 1:30:25]} O-O
{[%clk 1:22:49]} 8. Be3 {[%clk 1:30:34]} a5 {[%clk 1:17:05]} 9. Nd2
{[%clk 1:30:54]} Nc5 {[%clk 1:09:18]} 10. b3 {[%clk 1:31:03]} Ne8
{[%clk 1:03:24]} 11. a3 {[%clk 1:30:09]} f5 {[%clk 0:59:14]} 12. f3
{[%clk 1:29:39]} fxe4 {[%clk 0:49:57]} 13. Ndxe4 {[%clk 1:28:06]} b6
{[%clk 0:46:16]} 14. O-O {[%clk 1:22:27]} Nf6 {[%clk 0:44:42]} 15. b4
{[%clk 1:21:40]} axb4 {[%clk 0:38:56]} 16. axb4 {[%clk 1:22:04]} Rxa1
{[%clk 0:39:15]} 17. Qxa1 {[%clk 1:22:29]} Nb3 {[%clk 0:34:47]} 18. Qd1
{[%clk 1:10:53]} Nd4 {[%clk 0:32:24]} 19. Nxf6+ {[%clk 0:55:19]} Bxf6
{[%clk 0:28:05]} 20. Bxd4 {[%clk 0:52:40]} exd4 {[%clk 0:28:31]} 21. Ne4
{[%clk 0:50:02]} Be5 {[%clk 0:24:30]} 22. g3 {[%clk 0:45:03]} Bf5
{[%clk 0:22:43]} 23. Nf2 {[%clk 0:43:03]} Qg5 {[%clk 0:19:16]} 24. Kh1
{[%clk 0:33:31]} Qe3 {[%clk 0:15:35]} 25. f4 {[%clk 0:31:48]} Bg7
{[%clk 0:15:14]} 26. Bd3 {[%clk 0:30:44]} Ra8 {[%clk 0:13:47]} 27. Bxf5
{[%clk 0:26:01]} gxf5 {[%clk 0:14:16]} 28. Qc2 {[%clk 0:24:32]} Rf8
{[%clk 0:11:31]} 29. Nd3 {[%clk 0:20:29]} Re8 {[%clk 0:07:02]} 30. Re1
{[%clk 0:13:01]} Qf3+ {[%clk 0:07:21]} 31. Kg1 {[%clk 0:13:27]} Re4
{[%clk 0:03:40]} 32. Qd1 {[%clk 0:04:36]} Qxd1 {[%clk 0:01:36]} 33. Rxd1
{[%clk 0:05:01]} Re2 {[%clk 0:02:02]} 34. c5 {[%clk 0:05:11]} bxc5
{[%clk 0:01:54]} 35. bxc5 {[%clk 0:05:37]} Ra2 {[%clk 0:00:50]} 36. cxd6
{[%clk 0:05:18]} cxd6 {[%clk 0:01:19]} 37. Nb4 {[%clk 0:05:35]} Ra4
{[%clk 0:00:59]} 38. Nc6 {[%clk 0:05:51]} Kf7 {[%clk 0:01:24]} 39. Rd3
{[%clk 0:02:01]} Bf6 {[%clk 0:01:24]} 40. Kf2 {[%clk 0:30:43]} Rc4
{[%clk 0:31:24]} 41. h3 {[%clk 0:29:55]} Rc5 {[%clk 0:24:34]} 42. g4
{[%clk 0:24:36]} Rxd5 {[%clk 0:14:38]} 43. gxf5 {[%clk 0:24:04]} Rxf5
{[%clk 0:14:24]} 44. Kf3 {[%clk 0:21:54]} Rh5 {[%clk 0:14:00]} 45. Kf2
{[%clk 0:21:43]} Ke6 {[%clk 0:13:26]} 46. Nxd4+ {[%clk 0:14:31]} Bxd4+
{[%clk 0:13:49]} 47. Rxd4 {[%clk 0:14:58]} Rxh3 {[%clk 0:14:13]} 48. Ra4
{[%clk 0:14:04]} Kf5 {[%clk 0:11:46]} 49. Rd4 {[%clk 0:13:46]} Ke6
{[%clk 0:11:54]} 50. Ra4 {[%clk 0:14:11]} Kd5 {[%clk 0:09:32]} 51. Kg2
{[%clk 0:12:30]} Re3 {[%clk 0:08:18]} 52. Ra7 {[%clk 0:11:31]} h6
{[%clk 0:04:33]} 53. Rh7 {[%clk 0:11:52]} Re6 {[%clk 0:04:30]} 54. Kf3
{[%clk 0:12:17]} Rf6 {[%clk 0:03:42]} 55. Ke3 {[%clk 0:11:46]} Ke6
{[%clk 0:04:02]} 56. Rh8 {[%clk 0:11:13]} d5 {[%clk 0:02:59]} 57. Rh7
{[%clk 0:11:07]} Kf5 {[%clk 0:02:58]} 58. Rd7 {[%clk 0:11:10]} Ke6
{[%clk 0:01:40]} 59. Rh7 {[%clk 0:11:36]} Rg6 {[%clk 0:01:44]} 60. Rh8
{[%clk 0:11:13]} Kf5 {[%clk 0:01:11]} 61. Rf8+ {[%clk 0:11:03]} Rf6
{[%clk 0:00:56]} 62. Rd8 {[%clk 0:11:18]} Ke6 {[%clk 0:01:11]} 63. Rh8
{[%clk 0:11:44]} Kd6 {[%clk 0:01:23]} 64. Rh7 {[%clk 0:12:03]} Re6+
{[%clk 0:01:28]} 65. Kd3 {[%clk 0:12:08]} Kc5 {[%clk 0:00:57]} 66. Rc7+
{[%clk 0:12:11]} Rc6 {[%clk 0:01:04]} 67. Rh7 {[%clk 0:09:57]} Rf6
{[%clk 0:01:21]} 68. Rc7+ {[%clk 0:10:22]} Rc6 {[%clk 0:00:59]} 69. Rh7
{[%clk 0:10:43]} Rg6 {[%clk 0:01:26]} 70. Rc7+ {[%clk 0:10:48]} Kd6
{[%clk 0:01:51]} 71. Rh7 {[%clk 0:11:10]} Ke6 {[%clk 0:01:55]} 72. Kd4
{[%clk 0:09:44]} Rf6 {[%clk 0:02:18]} 73. Ke3 {[%clk 0:10:08]} Kf5
{[%clk 0:01:06]} 74. Rd7 {[%clk 0:10:33]} Kg4 {[%clk 0:00:37]} 75. Rxd5
{[%clk 0:09:41]} Rxf4 {[%clk 0:00:52]} 76. Rd8 {[%clk 0:09:55]} Rf6
{[%clk 0:01:09]} 77. Rg8+ {[%clk 0:10:10]} Kh4 {[%clk 0:01:25]} 78. Ke2
{[%clk 0:10:05]} h5 {[%clk 0:01:40]} 79. Rg7 {[%clk 0:10:04]} Kh3
{[%clk 0:02:02]} 80. Rg8 {[%clk 0:09:45]} h4 {[%clk 0:02:27]} 81. Rg7
{[%clk 0:10:11]} Kh2 {[%clk 0:02:49]} 82. Rg8 {[%clk 0:10:32]} h3
{[%clk 0:03:05]} 83. Rg7 {[%clk 0:10:54]} Kh1 {[%clk 0:02:48]} 84. Rg8
{[%clk 0:11:17]} Ra6 {[%clk 0:02:00]} 85. Kf2 {[%clk 0:10:21]} Ra2+
{[%clk 0:02:20]} 86. Kf1 {[%clk 0:10:38]} Rg2 {[%clk 0:02:08]} 87. Rh8
{[%clk 0:10:52]} Kh2 {[%clk 0:02:22]} 88. Rh7 {[%clk 0:11:06]} Rg8
{[%clk 0:02:27]} 89. Kf2 {[%clk 0:11:09]} Rf8+ {[%clk 0:02:52]} 90. Ke2
{[%clk 0:11:31]} Kg2 {[%clk 0:03:15]} 91. Rg7+ {[%clk 0:11:57]} Kh1
{[%clk 0:03:42]} 92. Rg6 {[%clk 0:12:08]} Ra8 {[%clk 0:03:22]} 93. Kf2
{[%clk 0:12:23]} Ra2+ {[%clk 0:03:28]} 94. Kf1 {[%clk 0:12:48]} h2
{[%clk 0:03:41]} 95. Rg8 {[%clk 0:13:00]} Ra1+ {[%clk 0:04:06]} 96. Kf2
{[%clk 0:13:27]} Rg1 {[%clk 0:04:31]} 97. Rh8 {[%clk 0:13:54]} Rg7
{[%clk 0:04:50]} 98. Kf1 {[%clk 0:13:09]} Rf7+ {[%clk 0:05:15]} 99. Ke2
{[%clk 0:13:36]} Kg2 {[%clk 0:04:32]} 100. Rg8+ {[%clk 0:14:03]} Kh3
{[%clk 0:04:58]} 101. Rh8+ {[%clk 0:14:29]} Kg3 {[%clk 0:05:24]} 102. Rg8+
{[%clk 0:14:55]} Kf4 {[%clk 0:05:51]} 103. Rh8 {[%clk 0:14:53]} Ra7
{[%clk 0:06:14]} 104. Kf1 {[%clk 0:14:24]} Ra2 {[%clk 0:05:51]} 105. Rf8+
{[%clk 0:14:07]} Kg3 {[%clk 0:06:03]} 106. Rg8+ {[%clk 0:14:32]} Kh4
{[%clk 0:06:29]} 107. Rh8+ {[%clk 0:14:57]} Kg5 {[%clk 0:06:57]} 108. Rg8+
{[%clk 0:15:18]} Kf6 {[%clk 0:07:24]} 109. Rh8 {[%clk 0:15:42]} Kg7
{[%clk 0:07:50]} 110. Rh3 {[%clk 0:16:04]} h1=Q+ {[%clk 0:08:15]} 111. Rxh1
{[%clk 0:16:30]} Ra1+ {[%clk 0:08:44]} 112. Kg2 {[%clk 0:16:57]} Rxh1
{[%clk 0:09:10]} 113. Kxh1 {[%clk 0:17:24]} 1/2-1/2

[Event "Team women final 2016"]
[Site "Sochi"]
[Date "2016.05.09"]
[Round "8.3"]
[White "Markelova, Lubov"]
[Black "Sazonova, Anastasia"]
[Result "1-0"]
[LiveChessVersion "1.4.4"]
[BlackElo "2085"]
[WhiteElo "2059"]
[BlackTeam "Bukavushki"]
[WhiteTeam "Ladya"]

1. d4 {[%clk 1:30:57]} e6 {[%clk 1:30:47]} 2. c4 {[%clk 1:31:05]} f5
{[%clk 1:31:09]} 3. g3 {[%clk 1:31:07]} Nf6 {[%clk 1:31:27]} 4. Bg2
{[%clk 1:31:18]} d5 {[%clk 1:31:46]} 5. Nh3 {[%clk 1:31:00]} c6 {[%clk 1:31:21]}
6. O-O {[%clk 1:31:11]} Bd6 {[%clk 1:31:11]} 7. b3 {[%clk 1:31:19]} O-O
{[%clk 1:28:03]} 8. Ba3 {[%clk 1:30:39]} b6 {[%clk 1:20:50]} 9. Nf4
{[%clk 1:24:07]} Bxa3 {[%clk 1:15:33]} 10. Nxa3 {[%clk 1:24:33]} Qe7
{[%clk 1:15:02]} 11. Qc1 {[%clk 1:22:55]} Bb7 {[%clk 1:11:36]} 12. Rd1
{[%clk 1:20:36]} Nbd7 {[%clk 1:03:01]} 13. Qb2 {[%clk 1:17:11]} Rac8
{[%clk 1:00:02]} 14. Rac1 {[%clk 1:17:00]} g5 {[%clk 0:53:10]} 15. Nd3
{[%clk 1:14:05]} Kg7 {[%clk 0:40:15]} 16. b4 {[%clk 0:56:45]} h5 {[%clk 0:35:43]}
17. b5 {[%clk 0:48:31]} cxb5 {[%clk 0:30:49]} 18. cxb5 {[%clk 0:43:19]} Ne4
{[%clk 0:26:51]} 19. Rxc8 {[%clk 0:37:11]} Rxc8 {[%clk 0:26:35]} 20. Rc1
{[%clk 0:36:54]} Qf8 {[%clk 0:17:43]} 21. h4 {[%clk 0:26:05]} Rxc1+
{[%clk 0:11:39]} 22. Qxc1 {[%clk 0:26:21]} Qc8 {[%clk 0:11:55]} 23. Qe3
{[%clk 0:09:38]} Qd8 {[%clk 0:10:52]} 24. hxg5 {[%clk 0:07:18]} Qxg5
{[%clk 0:10:01]} 25. Nf4 {[%clk 0:06:49]} Kf7 {[%clk 0:08:00]} 26. Bxe4
{[%clk 0:06:11]} fxe4 {[%clk 0:07:34]} 27. Qc3 {[%clk 0:04:52]} Qe7
{[%clk 0:05:24]} 28. Nxh5 {[%clk 0:04:27]} e5 {[%clk 0:05:15]} 29. dxe5
{[%clk 0:02:17]} Nxe5 {[%clk 0:05:17]} 30. Nc2 {[%clk 0:02:23]} a6
{[%clk 0:03:07]} 31. a4 {[%clk 0:02:27]} a5 {[%clk 0:02:35]} 32. Qe3
{[%clk 0:01:44]} Nc4 {[%clk 0:01:45]} 33. Qf4+ {[%clk 0:01:54]} Kg6
{[%clk 0:01:26]} 34. Qg4+ {[%clk 0:00:48]} Kh6 {[%clk 0:00:54]} 35. Nf4
{[%clk 0:00:55]} Ne5 {[%clk 0:00:50]} 36. Qh5+ {[%clk 0:00:54]} Kg7
{[%clk 0:01:14]} 37. Nd4 {[%clk 0:01:06]} Bc8 {[%clk 0:00:51]} 38. Nc6
{[%clk 0:00:40]} Nxc6 {[%clk 0:00:56]} 39. Qg6+ {[%clk 0:00:46]} Kf8
{[%clk 0:01:08]} 40. Qxc6 {[%clk 0:31:05]} Bf5 {[%clk 0:30:57]} 41. Nxd5
{[%clk 0:25:51]} Qe5 {[%clk 0:29:32]} 42. Qh6+ {[%clk 0:21:36]} Kf7
{[%clk 0:27:58]} 43. Nxb6 {[%clk 0:19:21]} Qc3 {[%clk 0:23:13]} 44. Qh5+
{[%clk 0:17:47]} Bg6 {[%clk 0:22:54]} 45. Qd5+ {[%clk 0:17:45]} Kg7
{[%clk 0:22:44]} 46. Qc4 {[%clk 0:15:48]} Qe5 {[%clk 0:19:47]} 47. Nd5
{[%clk 0:11:58]} Bf7 {[%clk 0:17:44]} 48. Qc3 {[%clk 0:12:22]} 1-0

[Event "Team women final 2016"]
[Site "Sochi"]
[Date "2016.05.09"]
[Round "8.4"]
[White "Nasybullina, Alfia"]
[Black "Belova, Olga"]
[Result "1-0"]
[LiveChessVersion "1.4.4"]
[BlackElo "2034"]
[WhiteElo "2151"]
[BlackTeam "Ladya"]
[WhiteTeam "Bukavushki"]

1. d4 {[%clk 1:30:57]} Nf6 {[%clk 1:30:53]} 2. Nf3 {[%clk 1:31:20]} e6
{[%clk 1:31:16]} 3. e3 {[%clk 1:31:39]} d5 {[%clk 1:31:34]} 4. Bd3
{[%clk 1:32:00]} c5 {[%clk 1:31:54]} 5. b3 {[%clk 1:32:22]} Bd6 {[%clk 1:31:40]}
6. O-O {[%clk 1:32:43]} O-O {[%clk 1:32:01]} 7. Bb2 {[%clk 1:33:05]} Nc6
{[%clk 1:29:21]} 8. Nbd2 {[%clk 1:32:33]} b6 {[%clk 1:24:49]} 9. c4
{[%clk 1:31:07]} cxd4 {[%clk 1:24:19]} 10. Nxd4 {[%clk 1:30:12]} Nxd4
{[%clk 1:21:29]} 11. Bxd4 {[%clk 1:30:23]} e5 {[%clk 1:08:39]} 12. Bb2
{[%clk 1:29:51]} Ba6 {[%clk 1:08:53]} 13. a3 {[%clk 1:13:12]} Rc8
{[%clk 1:03:35]} 14. Bf5 {[%clk 1:11:48]} Rc7 {[%clk 1:03:58]} 15. Qe2
{[%clk 1:05:24]} Qe7 {[%clk 1:03:12]} 16. Rfc1 {[%clk 1:03:25]} e4
{[%clk 0:48:30]} 17. Qe1 {[%clk 0:53:24]} Be5 {[%clk 0:46:42]} 18. Bd4
{[%clk 0:51:41]} g6 {[%clk 0:31:10]} 19. Bh3 {[%clk 0:51:30]} Re8
{[%clk 0:29:02]} 20. g3 {[%clk 0:45:36]} Bxd4 {[%clk 0:20:57]} 21. exd4
{[%clk 0:45:58]} Qd6 {[%clk 0:21:20]} 22. Qe3 {[%clk 0:44:01]} Bc8
{[%clk 0:16:23]} 23. Bxc8 {[%clk 0:39:54]} Rexc8 {[%clk 0:16:43]} 24. Re1
{[%clk 0:37:27]} Ng4 {[%clk 0:16:30]} 25. Qg5 {[%clk 0:32:14]} f5
{[%clk 0:15:48]} 26. cxd5 {[%clk 0:29:40]} h6 {[%clk 0:04:42]} 27. Qh4
{[%clk 0:28:06]} e3 {[%clk 0:02:23]} 28. fxe3 {[%clk 0:27:47]} Qxd5
{[%clk 0:02:35]} 29. h3 {[%clk 0:22:55]} Rc2 {[%clk 0:03:00]} 30. Rad1
{[%clk 0:23:19]} g5 {[%clk 0:01:04]} 31. Qh5 {[%clk 0:23:33]} Qd6
{[%clk 0:01:31]} 32. hxg4 {[%clk 0:17:18]} Qxg3+ {[%clk 0:01:55]} 33. Kf1
{[%clk 0:17:42]} fxg4 {[%clk 0:00:54]} 34. Qg6+ {[%clk 0:17:48]} Kf8
{[%clk 0:00:37]} 35. Qxh6+ {[%clk 0:18:01]} Kg8 {[%clk 0:00:32]} 36. Qxg5+
{[%clk 0:18:23]} Kh7 {[%clk 0:00:52]} 37. Qf5+ {[%clk 0:17:22]} Kg8
{[%clk 0:01:10]} 38. Ke2 {[%clk 0:12:52]} Qh2+ {[%clk 0:00:50]} 39. Qf2
{[%clk 0:13:11]} Qh5 {[%clk 0:01:06]} 40. Rh1 {[%clk 0:40:51]} Qb5+
{[%clk 0:30:35]} 41. Ke1 {[%clk 0:41:15]} Qd7 {[%clk 0:21:37]} 42. Qf6
{[%clk 0:40:51]} 1-0